=LDR 00000nam 2200000 4500 =001 INLIS000000000042691 =005 20131008015509 =008 ***********************************ind** =035 ##$$0010-101300000000613 =041 ##$$a ind =082 ##$$a 617.7 =090 ##$$a 617.7, Rit p =100 ##$$a Rita Hendrawati =245 ##$$a Pengobatan dan pencegahan penyakit mata, Rita hendrawati; Editor, Santi kurniawati =260 ##$$a 2009 $b Jakarta =300 ##$$a Iv,44 hlm, Ilus, 24 cm =650 ##$$a MATA-PENYAKIT =700 ##$$a Santi Kurniawati =850 ##$$a NBPNMAT =990 ##$$a 0001/BPAP-NTB/2016 =990 ##$$a 86048604 =990 ##$$a 01201708604 =990 ##$$a 0001/BPAP-NTB/2016